| 000 | 01036cam a2200325 a 4500 | ||
|---|---|---|---|
| 001 | 112505 | ||
| 005 | 20230410120753.0 | ||
| 008 | 100806s2011 nyuab b 001 0 eng | ||
| 035 | _a16380292 | ||
| 925 | 0 |
_aacquire _b2 shelf copies _xpolicy default |
|
| 942 |
_2lcc _cbk |
||
| 010 | _a 2010033704 | ||
| 020 | _a9780195391824 (acid-free paper) | ||
| 040 |
_aDLC _cDLC _dDLC |
||
| 042 | _apcc | ||
| 043 | _aa-is--- | ||
| 050 | 1 | 4 |
_aHV 6433 _bB993h 2011 |
| 082 | 0 | 0 | _a363.325/16095694 |
| 100 | 1 |
_aByman, Daniel, _d1967- |
|
| 245 | 1 | 2 |
_aA high price : _bthe triumphs and failures of Israeli counterterrorism / _cDaniel Byman. |
| 260 |
_aNew York : _bOxford University Press, _cc2011. |
||
| 300 |
_axi, 464 p. : _bill., maps ; _c25 cm. |
||
| 504 | _aIncludes bibliographical references (p. 383-447) and index. | ||
| 650 | 0 |
_aTerrorism _zIsrael. |
|
| 650 | 0 |
_aTerrorism _zIsrael _xPrevention. |
|
| 650 | 0 | _aArab-Israeli conflict. | |
| 650 | 4 |
_aTerrorismo _zIsrael. |
|
| 650 | 4 |
_aTerrorismo _zIsrael _xPrevención. |
|
| 946 | _aYSL | ||
| 999 |
_c51538 _d51538 |
||